Quizzes
Events
Quiz Creation
Community
Videos
Private Events
Remove Ads
Sign In
Join for FREE
Feedback
Dark Mode
Quiz Categories
Sports
Geography
Music
Movies
Television
Just For Fun
Miscellaneous
History
Literature
Language
Science
Gaming
Entertainment
Religion
Holiday
For Kids
Quiz Lab
Recent
Popular Today
Quiz Kudos Today
Editor Picks
Curator Picks
Quizzes by...
Day
Popularity
Type
Ratings
Length
Year
Community
Subscriptions
Recent Discussions
Orange Saloon
Badges
Playlists
Quests
Create
Leaderboards
Showdown
Live 5
Trivia Bingo
Activity
Puzzle Library
Sporcle Events
Private Events
Virtual Trivia
Globe League
Become a Host
Pub Owners
SporcleCon
Opinionation
Our Games
Videos
Blog
Mobile Apps
Partnerships
Remove Ads and Go Orange
Feedback
Music
Pop Music
The Beatles
Song
Album
Lyrics
Bands
Singers
Artist
Clip
Rock
Rap
Classical
Billboard
Country Music
Kpop
Taylor Swift
Music
Pop Music
The Beatles
Song
Album
Lyrics
Bands
Singers
Artist
Clip
Rock
Rap
Classical
Billboard
Country Music
Kpop
Taylor Swift
Random Quiz
Search Sporcle
×
Quiz Lab
Quiz Lab
Music
Rock
Type answers based on single images at one time
Type answers based on single images at one time
Slideshow
Best Score? Go Orange.
Can you name the Guitar Players? (Photos) Stats
Can you name the famous guitar players by photo?
By
CDress
5m
25 Questions
155 Plays
155 Plays
155 Plays
Comments
Comments
Give Quiz Kudos
Give Quiz Kudos
-
- Ratings
hide this ad
Replay
Link that replays current quiz
Next Quiz
Link to next quiz in quiz playlist
You Got
0%
They Got
Avg Score
41%
Avg Friend Score
Upgrade to see
Score Distribution
Jump to the score distribution portion of the page
Score
0/25
Timer
05:00
0
Plays Today
% Correct
Chuck Berry
91.6%
Angus Young
91.6%
Eddie Van Halen
85.8%
Slash
82.6%
David Gilmour
66.5%
Pete Townshend
65.8%
Tom Morello
58.7%
Tony Iommi
53.5%
James Hetfield
53.5%
Buckethead
52.3%
Dave Mustaine
51%
Zakk Wylde
43.2%
Carlos Santana
38.1%
% Correct
John Petrucci
27.7%
Eric Clapton
23.2%
Alex Lifeson
20%
Randy Rhoads
20%
Jerry Cantrell
19.4%
Jimi Hendrix
18.7%
Kirk Hammett
18.1%
Jimmy Page
17.4%
Stevie Ray Vaughan
16.8%
Dimebag Darrell
11%
Joe Satriani
5.2%
Larry LaLonde
0%
Quiz Playlist
Details
Report
Send in Message
Add To Playlist
Slideshow:
Type answers based on single images at one time
Last Updated: Feb 15, 2020
Quiz Scoreboard
CHALLENGE
Sign Up to Join the Scoreboard
Show All
Scores
Hide
Comments
May contain spoilers
Recently Published
An Introduction to Baseball
by treessimontrees
Sports
5m
Movies - When Are They Set?
by FPL_Elf
Movies
5m
Popular People in 1961
by mucciniale
History
6m
More to Explore
Quiz From the Vault
Featured Blog Post
Where Did the Easter Bunny Come From?
hide this ad
You Might Also Like...
Tags
Bands Quiz
Rock Quiz
Alt Rock
Classic Rock
guitarist
Hard Rock
Lead Guitarists
Metal Guitarists
Rock Band
Rock Musicians
Rock n Roll
Rock Types
Today's Top Quizzes in Music
Browse Music
hide this ad
Today's Top Quizzes in Rock
Browse Rock
Top Contributed Quizzes in Music
1
Taylor Swift All Songs (2024)
2
Guess the Artist- 70s Songs
3
KPOP LOGIC QUIZ
4
One Thing in Common: Music
5
2010s Album by Cover III
6
Guess the Taylor Swift song (Mystery Song)
7
Taylor Swift Logic Puzzle
8
2010s Album by Cover IV
9
2010s Album by Cover V
10
Kpop Logic Quiz
Explore More
Trending Topics
Anime
NBA
Harry Potter
Crossword
Disney
Marvel
Kpop
NFL
Puzzle
Soccer
Pokémon
WWE
The Office
Country
Song
hide this ad
More By:
CDress
Quiz
Plays
Rating
Category
Featured
Created
Can you name the 2014 NBA Draft picks?
390
3.00
Sports
Jun 27, 2014
Mixed Word: Bands 2
232
4.40
Music
Apr 16, 2016
Can you name the Guitar Players? (Photos)
155
2.00
Music
Feb 8, 2020
Can you name the Drummers? (Photos)
101
Music
Jan 26, 2020
Mixed Word: Primus Songs
71
5.00
Music
Jan 25, 2020
Go to Creator's Profile
Score Distribution
Quiz Creator Spotlight
CDress
Follow
Send a Message
Quizzes Created
-
Created Quiz Play Count
-
More By This Creator
Popular Quizzes Today
1
Find the Countries of Europe - No Outlines Minefield
2
Find the US States - No Outlines Minefield
3
The Countries of the World
4
Popular People in 1961
5
US States
6
Find the US States
7
1-10 Letter E Words III
8
Risky Map Clicking: Biggest States A-Z
More Music Quizzes
UK Singles Chart: 4+ #1 hits
Quiz Lab
Trending Quizzes
Risky Map Clicking: Least Populous States A-Z
1-10 Letter F Words
1-10 Letter G Words
One Thing in Common: United Kingdom
Risky Map Clicking: Next State Alphabetically
Recently Updated
Leaping Animals
pecheneg
Reality TV Shows (A-Z)
bhenderson79
Rickey Henderson's Hall of Fame Teammates
pecheneg
Champions League XIs: Arsenal
pecheneg
Quick Pick: Celebrities in WWE's Hall of Fame
aduchscher
A-Z Keypad Blitz II
pecheneg
Multiple Oscar Actors
pecheneg
Mystery Phrase Blitz: Oscar 'Best Actors'
pecheneg
F. Scott Fitzgerald Novels
LTH
Pick 3 Villains
ddd62291
Trending Topics
Harry Potter
Crossword
Disney
Anime
Kpop
NBA
Marvel
Song
Country
The Office
Puzzle
Soccer
NFL
WWE
Pokémon
Your Account Isn't Verified!
In order to create a playlist on Sporcle, you need to verify the email address you used during registration. Go to your
Sporcle Settings
to finish the process.
Report this User
Report this user for behavior that violates our
Community Guidelines
.
Details:
Send Report
Go to the Sporcle.com Mobile Site →
Comments